000 00846nac a22002051u 4500
010 _a 98030537
020 _a1567201326 (alk. paper)
082 0 0 _a658.402
_bV555
090 _c2101
_d2101
100 _aVenerable, Grant,
245 1 0 _aManaging in a five dimension economy :
_bVen Matrix architectures for new organizations /
_cG.D. Venerable.
246 3 _aManaging in a 5 dimension economy
260 _aWestport, Conn. :
_bQuorum,1999
_c1999.
300 _a[xv], 286 p. :
_bill. ;
_c25 cm.
504 _aIncludes bibliographical references (p. [275]-278) and index.
650 0 _aMatrix organization.
650 0 _aNew business enterprises
_xManagement.
942 _cBB
_k658.402V555
999 _c2101
_d2101